1530 1722 1153 1557 1697 1882 1815 1262 1047 1377 1749 1345 1950 1323 1486 1525 1477 1308 1714 1455 1868 1058 1221 1176 1892 1353 1013 1943 1671 1079 1954 1172 1851 1061 1345 1975 1854 1896 1354 1343 1626 1886 1396 1603 1094 1223 1286 1478 1876 1701 1056 1434 1709 1986 1401 1308 1025 1667 1022 1488 1953 1164 1106 1375 1182 1201 1752 1148 1965 1523 1463 1393 1025 1910 1330 1165 1108 1521 1974 1195 1972 1395 1032 1184 1678 1363 1539 1629 1818 1613 1936 1430 1109 1257 1847 1238 1850 1542 1176 BCNSPRNW ULIB Ver.6.0+V

เปลี่ยนเป็นภาษาไทย

Change to English
 แสดงรายละเอียดบรรณานุกรม
  กลับหน้าหลัก

Brief Record : Get Marc (ISO 2709) : E-mail record : QR code < ปิดหน้าต่าง
LEADER : 00000nam 2200000uu 4500
001    13399126844
003     ULIB
008    020711s2560 th a 000 0 tha d
060    วจ^aWY18^bช152ก
100    ^aชนิดา ธนสารสุธี, ละมัด เลิศล้ำ และสุภาเพ็ญ ปาณะวัฒนาพิสุทธิ์
245    ^aการพัฒนาทักษะการจัดการเรียนการสอนโดยใช้สถานการณ์จำลองเสมือนจริง : The development of teaching skill with Simulation Based Learning.
260    ^aนครสวรรค์ :^bวิทยาลัยพยาบาลบรมราชชนนีสวรรค์ประชารักษ์ นครสวรรค์,^c2560
300    ^a92 หน้า;^b30 ซม.
650    ^aพยาบาล^xการเรียนการสอน
945    ^p0^l0^i005503
999    ^aประนอม เกษจรัล
รายการนี้ยังไม่มีแท็ก
คุณยังไม่ได้ล็อกอิน คุณสามารถมีกิจกรรมร่วมกับเว็บไซต์ได้ แต่ต้องล็อกอินก่อน ::
  ล็อกอิน

รายการสื่อสารสนเทศ

ลำดับที่ ประเภท เลขเรียก/บาร์โค้ด สถานที่ สถานะ
1. Book การพยาบาล
Book การพยาบาล
วจ WY18 ช152ก ฉ.1 
  Barcode: 005503
ห้องสมุดวิทยาเขตสวรรค์ประชารักษ์
►หนังสือทั่วไป
บนชั้น

BibComment


ยังไม่เคยถูกคอมเมนท์

คอมเมนท์ทรัพยากรรายการนี้
  คอมเมนท์: การพัฒนาทักษะการ..


 Copyright 2026. Bcnsprnw @Library